000 00715nam a22001937a 4500
005 20130801161843.0
010 _aB-516037-042
020 _a9788176761116
_c695.00
035 _aB-516037-042
037 _aUBH/VEN
082 _a355.00954
100 _aVaid, Vaneeta
245 _aHeroes of the Indian Army:
_bstores of param vir charkra awardees/
_cby Vaneeta Vaid
260 _aNew Delhi
_bNita Metha
_c2012
270 _a3A/3, Asaf Ali Road
_bNew Delhi
_e110002
_k23252948,23250091
_l23250091
_mnitametha@nitametha.com
300 _a87p.
_bcol.ill
_c29cm.(Hb)
942 _2ddc
_cEN
_mVAI
_h355.00954
999 _c78273
_d78273